[Event "ch-VIE Men 2012"]
[Site "Can Tho VIE"]
[Date "2012.03.21"]
[Round "4"]
[White "Tran Ngoc Thach"]
[Black "Nguyen Anh Dung"]
[Result "0-1"]
[WhiteElo "2212"]
[BlackElo "2439"]

1.d4 Nf6 2.c4 e6 3.Nc3 Bb4 4.Qc2 O-O 5.a3 Bxc3+ 6.Qxc3 d6 7.g3 Nc6 8.Nf3 e5
9.Bg2 e4 10.Nd2 d5 11.e3 Be6 12.O-O Re8 13.b3 Qd7 14.Re1 Bh3 15.Bh1 Ne7 16.cxd5 Nexd5
17.Qc2 Qf5 18.Nc4 h5 19.Ne5 c5 20.Bb2 cxd4 21.exd4 Rac8 22.Qd2 e3 23.Rxe3 Rc2
24.Re2 Rxd2 25.Rxd2 Rc8 26.Nc4 b5 27.Nd6 Rc2 28.Nxf5 Rxd2 29.Ne3 Nxe3 30.fxe3 Rxb2
31.b4 Ng4 32.Bc6 Nxe3  0-1

[Event "ch-VIE Men 2012"]
[Site "Can Tho VIE"]
[Date "2012.03.22"]
[Round "6"]
[White "Tran Ngoc Thach"]
[Black "Nguyen Hoang Nam1"]
[Result "0-1"]
[WhiteElo "2212"]
[BlackElo "2361"]

1.d4 Nf6 2.c4 e6 3.Nc3 Bb4 4.Qc2 O-O 5.a3 Bxc3+ 6.Qxc3 b6 7.Bg5 Bb7 8.f3 h6
9.Bh4 d5 10.e3 Nbd7 11.Nh3 c5 12.cxd5 Nxd5 13.Bxd8 Nxc3 14.Be7 Rfe8 15.Bh4 Nd5
16.Bb5 g5 17.dxc5 Nxc5 18.Bxe8 Nxe3 19.Kf2 Nc2 20.Rad1 Rxe8 21.Bg3 Ba6 22.Kg1 Ne3
23.Re1 Nc4 24.Nf2 Nxb2 25.Ng4 Rc8 26.Nxh6+ Kg7 27.Ng4 Nbd3 28.Rd1 f5 29.Ne5 f4
30.Nxd3 Nxd3 31.Be1 Ne5 32.h3 Kf6 33.Bb4 Be2 34.Re1 Rc2 35.Bd6 Ng6 36.h4 Nxh4
37.Rxh4 gxh4 38.Bxf4 e5 39.Bh6 h3 40.Be3 Kf5 41.g4+ Kg6 42.Kf2 e4 43.Kg3 exf3
44.Kxh3 Rc3 45.Bf2 Rxa3 46.Kg3 Rc3 47.Ra1 Rc7 48.Be3 Kf6 49.Kf4 Ke6 50.Bf2 Rf7+
51.Kg3 Ke5 52.Ra3 Rb7 53.Re3+ Kd5 54.Kf4 b5 55.Re5+ Kd6 56.Bc5+ Kc6 57.Bd4 b4
58.Kg3 Rd7 59.Rc5+ Kb7 60.Bf6 Kb6 61.Rc8 Kb7 62.Rc5 Rd6 63.g5 b3 64.Bb2 Bd1
65.Rb5+ Kc6 66.Rb8 Rd2 67.Bc1 Rg2+ 68.Kh3 Kc7 69.Bf4+ Kd7 70.Rb7+ Ke8 71.Rxa7 Bc2
72.Ra6 Ke7 73.Bd6+ Kd7 74.Rb6 Bf5+ 75.Kh4 f2  0-1

[Event "ch-Urals Men 2012"]
[Site "Satka RUS"]
[Date "2012.03.26"]
[Round "3"]
[White "Solovjev,N2"]
[Black "Denisov,I"]
[Result "0-1"]
[WhiteElo "2310"]
[BlackElo "2384"]

1.d4 Nf6 2.c4 e6 3.Nc3 Bb4 4.Qc2 O-O 5.Bg5 h6 6.Bh4 d5 7.a3 Be7 8.cxd5 exd5
9.e3 b6 10.Nf3 Bb7 11.Bd3 Nbd7 12.O-O c5 13.dxc5 bxc5 14.Be2 Qb6 15.Rfd1 Rfd8
16.Rac1 Rac8 17.Rd2 a6 18.Rcd1 Bc6 19.Bg3 Bb7 20.Ne5 Qe6 21.Qb3 Nb6 22.h3 c4
23.Qc2 Bd6 24.f4 Bc5 25.Bf2 Nbd7 26.Bg4 Nxg4 27.Nxg4 h5 28.f5 Qe7 29.Nh2 Bxe3
30.Nxd5 Bxf2+ 31.Kxf2 Qc5+ 32.Kf1 Re8 33.Nf3 Ne5 34.f6 Nxf3 35.gxf3 Bxd5
36.Rxd5 Qe3 37.Qf2 g6 38.Qxe3 Rxe3 39.Rd8+ Rxd8 40.Rxd8+ Kh7 41.Kf2 Re6 42.Rc8 Rxf6
43.Rc7 Rb6 44.Kg3 g5 45.h4 gxh4+ 46.Kxh4 Kg6 47.Rxc4 Rb5 48.Ra4 a5 49.Rf4 Rc5
50.Rd4 Kf6 51.Rd6+ Kg7 52.Ra6 f6 53.Kg3 Kg6 54.Ra8 Kg5 55.Ra6 h4+ 56.Kg2 f5
57.Ra8 Kf4 58.Kh3 Kxf3 59.Kxh4 f4 60.Ra7 Re5 61.Ra8 Ke2 62.Rf8 f3 63.Kg3 Re7
64.Rf5 a4 65.Rf6 Re3  0-1

[Event "Belgrade Spring Open 2012"]
[Site "Belgrade SRB"]
[Date "2012.03.27"]
[Round "4.10"]
[White "Maksimovic,Ma"]
[Black "Zarkovic,M"]
[Result "1/2-1/2"]
[WhiteElo "2186"]
[BlackElo "1964"]

1.d4 Nf6 2.c4 e6 3.Nc3 Bb4 4.Qc2 O-O 5.a3 Bxc3+ 6.Qxc3 b6 7.Bg5 Bb7 8.f3 h6
9.Bh4 d5 10.e3 Nbd7 11.cxd5 Nxd5 12.Bxd8 Nxc3 13.Bh4 Nd5 14.Bf2 c5 15.e4 Ne7
16.Bd3 cxd4 17.Bxd4 Nc6 18.Be3 Nde5 19.Bb5 Rfd8 20.Rd1 Rxd1+ 21.Kxd1 Na5
22.Nh3 Nac4 23.Bc1 Rd8+ 24.Kc2 Bc6 25.Bxc4 Nxc4 26.b3 Ne5 27.Bb2 f6 28.Nf4 Kf7
29.Bxe5 fxe5 30.Nd3 Kf6 31.a4 a5 32.Rd1 Rd4 33.Nf2 h5 34.Rd3 b5 35.Rc3 Bd7
36.axb5 Bxb5 37.Nd1 a4 38.Ne3 axb3+ 39.Kxb3 Rd3 40.Rxd3 Bxd3 41.Kc3 Be2 42.Kd2 Bb5
43.Nc2 g5 44.Ke3 Bf1 45.g3 Bb5 46.Nb4 Ke7 47.f4 gxf4+ 48.gxf4 Kf6 49.h4 exf4+
50.Kxf4 e5+ 51.Ke3 Ke6 52.Nd5 Bc6 53.Nc3  1/2-1/2

[Event "1st Balagne GM"]
[Site "Calvi FRA"]
[Date "2012.04.04"]
[Round "4.5"]
[White "Flear,G"]
[Black "Siebrecht,S"]
[Result "0-1"]
[WhiteElo "2459"]
[BlackElo "2463"]

1.d4 Nf6 2.c4 e6 3.Nc3 Bb4 4.Qc2 O-O 5.a3 Bxc3+ 6.Qxc3 d5 7.Bg5 dxc4 8.Qxc4 b6
9.Nf3 Ba6 10.Qa4 h6 11.Bh4 Qd7 12.Qxd7 Nbxd7 13.e3 Bxf1 14.Rxf1 Rfc8 15.O-O-O c5
16.dxc5 bxc5 17.Kb1 Rab8 18.Bg3 Rb7 19.Ne5 Nb6 20.Ka1 Ne4 21.f3 Nxg3 22.hxg3 f6
23.Nd3 c4 24.Nb4 a5 25.Na2 Na4 26.Rf2 Rb3 27.e4 c3 28.Nxc3 Nxb2 29.Rxb2 Rcxc3
30.Rxb3 Rxb3 31.Ka2 Re3 32.Rb1 a4 33.g4 Kh7 34.Rb4 Re2+ 35.Rb2 Re3 36.Rb4 Re2+
37.Rb2 Re1 38.Rc2 Kg6 39.Kb2 Kg5 40.Kc3 Rb1 41.Rb2 Rxb2 42.Kxb2 Kf4 43.Kc3 Kg3
44.Kb4 Kxg2 45.Kxa4 Kxf3 46.Kb5 Kxg4 47.a4 h5 48.a5 h4 49.a6 h3 50.a7 h2
51.a8=Q h1=Q 52.Qg8 Qb1+ 53.Ka6 Qa2+ 54.Kb7 g5 55.Qf7 Qb2+ 56.Kc8 Qe5 57.Kd7 f5
58.exf5 exf5 59.Qa2 Qd4+ 60.Ke6 Qe4+ 61.Kf6 f4 62.Qh2 Qd4+ 63.Kg6 f3 64.Kh7 Qe3  0-1

[Event "O2C Doeberl Cup Premier 2012"]
[Site "Canberra AUS"]
[Date "2012.04.05"]
[Round "2.15"]
[White "Illingworth,M"]
[Black "Plew,Jeffrey"]
[Result "1-0"]
[WhiteElo "2352"]
[BlackElo "1956"]

1.d4 Nf6 2.c4 e6 3.Nc3 Bb4 4.Qc2 O-O 5.a3 Bxc3+ 6.Qxc3 Ne4 7.Qc2 f5 8.Nh3 Nc6
9.e3 b6 10.f3 Nf6 11.b4 Bb7 12.Bb2 a5 13.b5 Ne7 14.Bd3 d6 15.O-O Qe8 16.Rae1 Ng6
17.d5 Ne5 18.Bxe5 dxe5 19.dxe6 e4 20.fxe4 fxe4 21.Be2 Qxe6 22.c5 Bd5 23.Nf4 Qe5
24.Rc1 Kh8 25.cxb6 cxb6 26.Qc7 Qxc7 27.Rxc7 g5 28.Nh5 Nxh5 29.Bxh5 Rxf1+
30.Kxf1 Rd8 31.Bg4 Kg8 32.Ke2 Rd6 33.Kf2 h6 34.Kg3 Kf8 35.Bf5 h5 36.Bc8 Ke8
37.Rg7 g4 38.Kf4 Bc4 39.Bb7 Bxb5 40.Bxe4 Bc6 41.Ke5 Rh6 42.Bd5 Bd7 43.e4 h4
44.Rf7 h3 45.g3 b5 46.Rf6 Rh7 47.Kd6 b4 48.axb4 axb4 49.e5 Ba4 50.e6 b3 51.Rf4  1-0

[Event "Semana Santa LAB Open"]
[Site "Bogota COL"]
[Date "2012.04.07"]
[Round "7"]
[White "Ruiz Cruz,Cesar Augusto"]
[Black "Pena Mora,Carlos"]
[Result "1/2-1/2"]
[WhiteElo "1889"]
[BlackElo "1688"]

1.d4 Nf6 2.c4 e6 3.Nc3 Bb4 4.Qc2 O-O 5.e4 c5 6.Nf3 d5 7.cxd5 exd5 8.e5 Ne4
9.Bd3 cxd4 10.Nxd4 f5 11.O-O Nc6 12.Nxc6 bxc6 13.Nxe4 fxe4 14.Bxe4 dxe4 15.Qc4+ Qd5
16.Qxb4 Qxe5 17.Be3 Be6 18.b3 a5 19.Qd4 Qxd4 20.Bxd4 a4 21.b4 Rad8 22.Bc5 Rf5
23.a3 Rd2 24.Rfd1 Rfd5 25.Rxd2 Rxd2 26.Kf1 Bc4+ 27.Ke1 Re2+ 28.Kd1 Kf7 29.Rc1 Bb5
30.Be3 Ra2 31.Rc3 Ke6 32.h4 Ke5 33.g3 Ra1+ 34.Bc1 Kd4 35.Kd2 Ra2+ 36.Rc2 Rxc2+
37.Kxc2 g6 38.Be3+ Kc4 39.Bc1 h5 40.Bb2 Ba6 41.Bc1 Bc8 42.Be3 Bf5 43.Kb2 Kd3
44.Bc5  1/2-1/2

[Event "Semana Santa LAB Open"]
[Site "Bogota COL"]
[Date "2012.04.07"]
[Round "7"]
[White "Ramirez,Ca COL"]
[Black "Alvarez Pedraza,A"]
[Result "0-1"]
[WhiteElo "2314"]
[BlackElo "2544"]

1.d4 Nf6 2.c4 e6 3.Nc3 Bb4 4.Qc2 O-O 5.a3 Bxc3+ 6.Qxc3 Ne4 7.Qc2 f5 8.e3 b6
9.Nf3 Bb7 10.Bd3 d6 11.O-O Nd7 12.b4 Rf6 13.Bb2 Rg6 14.g3 h5 15.d5 Nf8 16.Rac1 c6
17.dxe6 c5 18.Nd2 Qh4 19.Nxe4 fxe4 20.Be2 Nxe6 21.Kh1 Qh3 22.Rg1 Rf8 23.Rg2 Ng5
24.Rf1 Nf3 25.Bxf3 Rxf3 26.Qa4 a6 27.Qe8+ Kh7 28.Qe7 Bc8 29.Rd1 Qe6 30.Qh4 Qg4
31.Qe7 Rxf2 32.Rxf2 Qxd1+ 33.Kg2 Qg4 34.Qd8 h4 35.Rf8 Qe2+ 36.Kg1 Qe1+ 37.Rf1 Qxe3+
38.Kg2 hxg3  0-1

[Event "O2C Doeberl Cup Premier 2012"]
[Site "Canberra AUS"]
[Date "2012.04.07"]
[Round "5.4"]
[White "Karthikeyan,P2"]
[Black "Rodriguez,Am"]
[Result "1-0"]
[WhiteElo "2414"]
[BlackElo "2440"]

1.d4 Nf6 2.c4 e6 3.Nc3 Bb4 4.Qc2 O-O 5.a3 Bxc3+ 6.Qxc3 b6 7.Bg5 Bb7 8.f3 h6
9.Bh4 d5 10.e3 Nbd7 11.cxd5 exd5 12.Nh3 Re8 13.Be2 Qe7 14.Bf2 c5 15.O-O cxd4
16.Qxd4 Nc5 17.Rad1 Rac8 18.Rfe1 g5 19.Bf1 Ne6 20.Qd2 Red8 21.Bg3 Ng7 22.Qd4 Ne6
23.Qe5 Nd7 24.Qf5 Ng7 25.Qb1 f5 26.Nf2 Qf6 27.Nd3 a5 28.Nc1 Nh5 29.Ne2 Ne5
30.Bf2 g4 31.Nd4 gxf3 32.gxf3 Rc7 33.Kh1 f4 34.Bh3 fxe3 35.Rg1+ Kh8 36.Bxe3 Nf4
37.Qf5 Qxf5 38.Bxf5 Nh5 39.Ne6 d4 40.Be4 Bxe4 41.fxe4  1-0

[Event "Sydney International Open"]
[Site "Parramatta AUS"]
[Date "2012.04.12"]
[Round "3.8"]
[White "Bai,Jinshi"]
[Black "Szabo,G ROM"]
[Result "1/2-1/2"]
[WhiteElo "2231"]
[BlackElo "2553"]

1.d4 e6 2.c4 Nf6 3.Nc3 Bb4 4.Qc2 O-O 5.a3 Bxc3+ 6.Qxc3 b5 7.cxb5 c6 8.Bg5 cxb5
9.e3 Bb7 10.Nf3 h6 11.Bh4 g5 12.Bg3 Ne4 13.Qc7 Qxc7 14.Bxc7 Rc8 15.Bxb8 Raxb8
16.Bd3 Bd5 17.Ke2 Bc4 18.Rhf1 b4 19.Ne5 Bxd3+ 20.Kxd3 bxa3 21.Kxe4 axb2 22.Rab1 d6
23.Nd3 Rc2 24.Kf3 a5 25.Rxb2 Rbxb2 26.Nxb2 Rxb2 27.Ra1 Rb5 28.Rc1 Rb8 29.Rc6 Ra8
30.Rxd6 a4 31.Rc6 a3 32.Rc1 Kf8 33.Ke2 Ke7 34.Kd3 Kd6 35.Ra1 a2 36.Kc3 Kd5
37.Kb3 f5 38.Rxa2 Rxa2 39.Kxa2 Kc4 40.Kb2 Kd3 41.Kc1  1/2-1/2

[Event "Sydney International Open"]
[Site "Parramatta AUS"]
[Date "2012.04.12"]
[Round "4.6"]
[White "Illingworth,M"]
[Black "Ikeda,J"]
[Result "0-1"]
[WhiteElo "2352"]
[BlackElo "2373"]

1.d4 Nf6 2.c4 e6 3.Nc3 Bb4 4.Qc2 O-O 5.a3 Bxc3+ 6.Qxc3 Ne4 7.Qc2 f5 8.Nh3 d6
9.f3 Nf6 10.e3 a5 11.b3 e5 12.dxe5 dxe5 13.Be2 Nc6 14.O-O f4 15.Rd1 Qe7 16.Nf2 Nh5
17.Bd3 h6 18.Be4 Bd7 19.Nd3 Rad8 20.Qf2 Kh8 21.exf4 exf4 22.Bb2 Qg5 23.Nc5 Bc8
24.Rd5 Rxd5 25.cxd5 Nd8 26.Rc1 Nf6 27.Nd3 Nxe4 28.fxe4 c6 29.Ne5 Kg8 30.dxc6 bxc6
31.Rc5 Ne6 32.Rxc6 Qd8 33.Qc2 Kh7 34.Nf3 Bd7 35.Rd6 Qe8 36.e5+ Kg8 37.Qc4 Kh8
38.Qd5 Bc8 39.Qxa5 Qg6 40.Qe1 Bb7 41.Nh4 Qf7 42.Qb1 f3 43.Ng6+ Kg8 44.Nxf8 f2+
45.Kf1 Ng5 46.Qd3 Qxf8 47.Qe2 Qf5 48.Rd4 Ne6 49.Rb4 Bd5 50.g4 Qb1+ 51.Kxf2 Ng5
52.Ke3 Nf3 53.e6 Qg1+ 54.Kf4 g5+ 55.Kf5 Qa7 56.e7 Qd7+ 57.Kf6 Qd6+ 58.Kf5 Nh4+  0-1

[Event "14th Dubai Open 2012"]
[Site "Dubai UAE"]
[Date "2012.04.18"]
[Round "4.19"]
[White "Temirov,B"]
[Black "Ganguly,S"]
[Result "0-1"]
[WhiteElo "2322"]
[BlackElo "2633"]

1.d4 Nf6 2.c4 e6 3.Nc3 Bb4 4.Qc2 O-O 5.Nf3 c5 6.dxc5 Na6 7.a3 Bxc3+ 8.Qxc3 Nxc5
9.Bg5 Nfe4 10.Bxd8 Nxc3 11.Be7 Nb3 12.Bxf8 Kxf8 13.Rd1 Nxd1 14.Kxd1 d5 15.e3 Bd7
16.Kc2 Ba4 17.Kc3 a5 18.Nd4 Nc5 19.f3 e5 20.Nf5 g6 21.b4 gxf5 22.bxc5 Rc8
23.Be2 Rxc5 24.Rb1 b5 25.Bd3 f4 26.exf4 bxc4 27.Bxh7 d4+ 28.Kd2 exf4 29.Be4 f5
30.Bc2 Bb5 31.a4 c3+ 32.Kd1 Bc4 33.Rb8+ Ke7 34.Rb7+ Kd6 35.Rb8 Kc7  0-1

[Event "TCh-CZE Extraliga 2011-12"]
[Site "Czech Republic CZE"]
[Date "2012.04.21"]
[Round "10.1"]
[White "Ftacnik,L"]
[Black "Azarov,S"]
[Result "1/2-1/2"]
[WhiteElo "2570"]
[BlackElo "2648"]

1.d4 Nf6 2.c4 e6 3.Nc3 Bb4 4.Qc2 O-O 5.a3 Bxc3+ 6.Qxc3 d6 7.g3 e5 8.Bg2 exd4
9.Qxd4 Nc6 10.Qc3 d5 11.cxd5 Nxd5 12.Qd2 Be6 13.Nf3 Qf6 14.O-O Rfe8 15.Re1 h6
16.e4 Nb6 17.Qf4 Qe7 18.b4 Nc4 19.h4 Rad8 20.Be3 Nxe3 21.Qxe3 a6 22.Rac1 Bg4
23.Nh2 Be6 24.Nf3 Bg4 25.Nh2 Be6  1/2-1/2

[Event "Frauenbundesliga 2011-12"]
[Site "Germany GER"]
[Date "2012.04.22"]
[Round "10.3"]
[White "Mai,I"]
[Black "Bulmaga,I"]
[Result "0-1"]
[WhiteElo "2115"]
[BlackElo "2304"]

1.d4 Nf6 2.c4 e6 3.Nc3 Bb4 4.Qc2 O-O 5.a3 Bxc3+ 6.Qxc3 d6 7.Nf3 Qe7 8.g3 a5
9.b3 Nc6 10.Bg2 e5 11.d5 Nb8 12.O-O h6 13.Bb2 Bg4 14.Rae1 Nbd7 15.e4 Bxf3
16.Bxf3 Nc5 17.Bg2 Nfd7 18.Bh3 Rfb8 19.a4 Nf6 20.f3 c6 21.Ba3 Nfd7 22.Qc2 cxd5
23.exd5 Re8 24.Re2 Nf6 25.Rfe1 Qc7 26.Kg2 Rf8 27.Bf5 g6 28.Bh3 Nh5 29.Bg4 Ng7
30.h4 f5 31.Bh3 Nh5 32.Qd2 Kh7 33.Bc1 Qg7 34.Qc2 f4 35.g4 Ng3 36.Rf2 Qf6
37.h5 Rg8 38.Kg1 Kh8 39.hxg6 Rxg6 40.Rh2 Nf5 41.Bg2 Nd4 42.Qb1 Ndxb3 43.Ba3 Kg8
44.Bf1 Rg5 45.Bxc5 Nxc5 46.Bd3 Rc8 47.Bh7+ Kg7 48.Bf5 Rf8 49.Be4 Qe7 50.Kh1 Rh8
51.Ree2 h5 52.gxh5 Rhxh5 53.Bc2 Kf6 54.Qb6 Qd7 55.Rg2 Rh3 56.Kg1 Rxh2 57.Kxh2 Rxg2+
58.Kxg2 Kg5 59.Qxa5 e4 60.Qc3 exf3+ 61.Qxf3 Qg4+ 62.Kf2 Qxf3+ 63.Kxf3 b6
64.Bd1 Kf5 65.Be2 Ke5 66.Bd1 Nd3 67.Ke2 Kd4  0-1

[Event "Historical Melaka Op"]
[Site "Melaka MAS"]
[Date "2012.04.25"]
[Round "4"]
[White "Karthikeyan,P2"]
[Black "Hamdani,R"]
[Result "1-0"]
[WhiteElo "2414"]
[BlackElo "2322"]

1.d4 Nf6 2.c4 e6 3.Nc3 Bb4 4.Qc2 O-O 5.a3 Bxc3+ 6.Qxc3 b6 7.Bg5 Bb7 8.Nf3 d6
9.Nd2 Nbd7 10.f3 c5 11.e4 Rc8 12.Bd3 h6 13.Bh4 Re8 14.O-O e5 15.d5 g5 16.Bf2 Kg7
17.Rfe1 Nf8 18.Nf1 Ng6 19.Ne3 Ne7 20.b4 Nd7 21.g3 Rg8 22.Bf1 Rb8 23.Bh3 Bc8
24.Rab1 Qc7 25.Rb3 Nf6 26.Bg2 Bd7 27.Re2 Ba4 28.Rbb2 Bd7 29.Qc2 Kh8 30.Be1 Ng6
31.Qd3 Rgc8 32.Kh1 Kg7 33.Qd1 Ne7 34.Bc3 Ng6 35.Bh3 Kf8 36.Bxd7 Qxd7 37.bxc5 Rxc5
38.Bb4 Rcc8 39.Bc3 Re8 40.Rb5 Re7 41.a4 Ne8 42.a5 bxa5 43.Rxb8  1-0

[Event "Spartak IM 2012"]
[Site "Subotica SRB"]
[Date "2012.04.25"]
[Round "8.4"]
[White "Tancik,K"]
[Black "Somborski,N"]
[Result "1/2-1/2"]
[WhiteElo "2274"]
[BlackElo "2347"]

1.d4 Nf6 2.c4 e6 3.Nc3 Bb4 4.Qc2 O-O 5.Nf3 c5 6.dxc5 Nc6 7.a3 Bxc5 8.Bg5 Nd4
9.Nxd4 Bxd4 10.e3 Qa5 11.exd4 Qxg5 12.Qd2 Qxd2+ 13.Kxd2  1/2-1/2

[Event "ch-SRB 2012"]
[Site "Vrnjacka Banja SRB"]
[Date "2012.04.27"]
[Round "5"]
[White "Ivanisevic,I"]
[Black "Bogosavljevic,B"]
[Result "1/2-1/2"]
[WhiteElo "2645"]
[BlackElo "2523"]

1.d4 Nf6 2.c4 e6 3.Nc3 Bb4 4.Qc2 O-O 5.e4 d5 6.e5 Ne4 7.Bd3 c5 8.Ne2 cxd4
9.Nxd4 Nd7 10.Bf4 Ndc5 11.O-O Bxc3 12.bxc3 Nxd3 13.Qxd3 b6 14.cxd5 exd5 15.Rad1 Qd7
16.Rfe1 Qa4 17.f3 Nc5 18.Qd2 Re8 19.Bg5 Bd7 20.h4 Ne6 21.Be3 Nc5 22.Bf2 Rac8
23.h5 h6 24.Re3 Qc4 25.Rb1 Na4 26.Rb4 Qc7 27.Ne2 a5 28.Rd4 b5 29.Nf4 Nxc3
30.Nxd5 Nxd5 31.Rxd5 Qc1+ 32.Qxc1 Rxc1+ 33.Re1 Rxe1+ 34.Bxe1 Bc6 35.Rc5 Bd7
36.Bxa5 Ra8 37.Rd5 Bc6 38.Rd8+ Rxd8 39.Bxd8 Bd5 40.a3 g6 41.hxg6  1/2-1/2

[Event "Norsk Sjakkfestival"]
[Site "Fagernes NOR"]
[Date "2012.05.01"]
[Round "5"]
[White "Johansen,St"]
[Black "Rozentalis,E"]
[Result "1-0"]
[WhiteElo "1961"]
[BlackElo "2601"]

1.d4 Nf6 2.c4 e6 3.Nc3 Bb4 4.Qc2 O-O 5.Nf3 b6 6.Bg5 Bb7 7.e3 h6 8.Bh4 c5
9.a3 Bxc3+ 10.bxc3 d6 11.Bd3 Nbd7 12.O-O cxd4 13.cxd4 Qc7 14.Rac1 e5 15.Nd2 Rfe8
16.f3 exd4 17.exd4 Nh5 18.Be4 Rac8 19.Bxb7 Qxb7 20.Ne4 Re6 21.Qd2 Rg6 22.Be7 Qc7
23.g4 f5 24.Nxd6 fxg4 25.fxg4 Ndf6 26.Nxc8 Qxc8 27.h3 Ng3 28.Rf3 Nge4 29.Qg2 h5
30.Bxf6 hxg4 31.Be5 Rg5 32.hxg4 Rxg4 33.Bg3 Qd8 34.d5 Qg5 35.Rcc3 Nxc3 36.Rxc3 Rd4
37.Qe2 Rd2 38.Qe8+ Kh7 39.Qe4+ Kg8 40.Rf3 Rd1+ 41.Kg2  1-0

[Event "Torneio Nacional de Mestres 2012"]
[Site "Lisbon POR"]
[Date "2012.05.04"]
[Round "7.5"]
[White "Reis,Luis So"]
[Black "Dias,P"]
[Result "0-1"]
[WhiteElo "2247"]
[BlackElo "2454"]

1.d4 Nf6 2.c4 e6 3.Nc3 Bb4 4.Qc2 O-O 5.Nf3 d5 6.Bg5 c5 7.e3 Nbd7 8.Bd3 Qa5
9.O-O cxd4 10.exd4 dxc4 11.Bxc4 Bxc3 12.bxc3 b6 13.Rfe1 Bb7 14.Ne5 Rac8 15.Bd2 Rfd8
16.a4 Be4 17.Qa2 Nxe5 18.Bb5 Nc4 19.Bxc4 Bd5 20.Bxd5 Qxd5 21.Qb1 Qc6 22.Re3 Rd5
23.Qd1 g6 24.Qe2 Ra5 25.Re1 Rxa4 26.Re5 Ra2 27.d5 exd5 28.Qe3 Ng4 29.Qd4 Nxe5
30.Rxe5 Ra1+ 31.Be1 Qxc3  0-1

[Event "TCh-HUN 2011-12"]
[Site "Budapest HUN"]
[Date "2012.05.06"]
[Round "10"]
[White "Popovics,A"]
[Black "Meszaros,T"]
[Result "1/2-1/2"]
[WhiteElo "2399"]
[BlackElo "2460"]

1.d4 Nf6 2.c4 e6 3.Nc3 Bb4 4.Qc2 O-O 5.Bg5 c5 6.dxc5 Na6 7.a3 Bxc3+ 8.Qxc3 Nxc5
9.Bxf6 Qxf6 10.Qxf6 gxf6 11.b4 Na4 12.Nf3 b6 13.Nd2 Ba6 14.Ne4 Bxc4 15.Nxf6+ Kg7
16.Nxd7 Rfd8 17.Ne5 Rac8 18.Nxc4 Rxc4 19.e3 Rc2 20.Ba6 Rdd2 21.O-O Nc3 22.Bb7 Ra2
23.Bf3 Rxf2 24.Rxa2 Rxa2 25.Bh5 f6 26.Rf4 Nd5 27.Rg4+ Kh6 28.Bf7 Nxe3 29.Rg3 Rxa3
30.Bxe6 Nc2 31.Rg4 Ra4 32.Rh4+ Kg6 33.Bb3 Ra1+ 34.Kf2 Na3 35.Bg8 h5 36.g4 hxg4
37.Rxg4+ Kf5 38.Rd4 Ke5 39.Rd5+ Ke4 40.h4 Rh1 41.Rd7 Rxh4 42.Rxa7 Nc2 43.Re7+ Kd3
44.Bh7+ Kc3  1/2-1/2

[Event "Tschaturanga Open"]
[Site "Vienna AUT"]
[Date "2012.05.08"]
[Round "2.6"]
[White "Kottisch,G"]
[Black "Sadilek,P"]
[Result "0-1"]
[WhiteElo "1986"]
[BlackElo "2269"]

1.d4 Nf6 2.c4 e6 3.Nc3 Bb4 4.Qc2 O-O 5.Nf3 c5 6.dxc5 Na6 7.a3 Bxc3+ 8.Qxc3 Nxc5
9.Bf4 d6 10.Rd1 Nce4 11.Qc2 Qb6 12.e3 e5 13.Bg5 Qa5+ 14.b4 Qxa3 15.Bxf6 Qxb4+
16.Nd2 Nxf6 17.Bd3 Bd7 18.O-O Ba4 19.Qb1 Qc3 20.Ne4 Nxe4 21.Rc1 Qb3 22.Bxe4 Qxb1
23.Rxb1 Bc6 24.Bxc6 bxc6 25.Rfd1 Rfb8 26.Ra1 Rd8 27.Ra6 c5 28.Kf1 Kf8 29.Rdxd6 Rxd6
30.Rxd6 a5 31.Rd3 Ke7 32.Ke2 e4 33.Ra3 a4 34.Kd2 Kd6 35.Kc2 Kc6 36.Ra2 f5
37.Ra1 g5 38.Kb2 Rb8+ 39.Ka3 Rb4 40.Rc1 f4 41.Rc2 Kb6 42.f3 exf3 43.exf4 fxg2
44.Rxg2 gxf4 45.Rg7 h5 46.Rh7 Rxc4 47.Rxh5 Kb5 48.Rh8 Rc3+ 49.Kb2 Kb4  0-1

[Event "German Team Cup 2012"]
[Site "Norderstedt GER"]
[Date "2012.05.12"]
[Round "1.2"]
[White "Kraemer,Mart"]
[Black "Meier,Geo"]
[Result "0-1"]
[WhiteElo "2505"]
[BlackElo "2637"]

1.d4 e6 2.c4 Nf6 3.Nc3 Bb4 4.Qc2 O-O 5.a3 Bxc3+ 6.Qxc3 b6 7.Bg5 Bb7 8.f3 h6
9.Bh4 d5 10.e3 Nbd7 11.cxd5 Nxd5 12.Bxd8 Nxc3 13.Bh4 Nd5 14.Bf2 f5 15.Bb5 c6
16.Bd3 c5 17.Bb5 Rfd8 18.Ne2 Rac8 19.Rc1 a6 20.Bd3 cxd4 21.Rxc8 Rxc8 22.Kd2 Nxe3
23.Bxe3 dxe3+ 24.Kxe3 Kf7 25.Nc3 Ne5 26.Be2 Nc4+ 27.Bxc4 Rxc4 28.Rd1 Ke7
29.f4 g5 30.g3 Rc8 31.Rd4 Bc6 32.Rb4 b5 33.Rd4 Rg8 34.Na2 gxf4+ 35.Rxf4 Bd7
36.Nb4 e5 37.Rf2 a5 38.Nd5+ Ke6 39.Rd2 Rc8 40.Nb6 Rc7 41.Nxd7 Rxd7 42.Rc2 e4
43.Rc3 Ke5 44.b4 a4 45.Ke2 h5 46.Rc5+ Rd5 47.Rc3 Kd4 48.Rc1 h4 49.Rc8 hxg3
50.hxg3 Ke5 51.Re8+ Kf6 52.Rf8+ Kg5 53.Rg8+ Kh5 54.Ke3 Rd3+ 55.Kf4 Rf3+ 56.Ke5 e3
57.Kf6 e2 58.Rg5+ Kh6 59.Rg6+ Kh7 60.Rg7+ Kh8 61.Re7 Rxg3 62.Kxf5 Rxa3 63.Rxe2 Rb3
64.Re4 Kg7 65.Ke5 a3 66.Kd5 Kf7 67.Rf4+ Kg6 68.Rf2 Rxb4 69.Ra2 Rb3 70.Kd4 b4
71.Kc4 Rb2 72.Ra1 a2  0-1

[Event "Tschaturanga Open"]
[Site "Vienna AUT"]
[Date "2012.05.12"]
[Round "6.8"]
[White "Kottisch,G"]
[Black "Kende,R"]
[Result "0-1"]
[WhiteElo "1986"]
[BlackElo "2085"]

1.d4 Nf6 2.c4 e6 3.Nc3 Bb4 4.Qc2 O-O 5.Bg5 d5 6.cxd5 exd5 7.e3 h6 8.Bh4 g5
9.Bg3 Ne4 10.a3 Bxc3+ 11.bxc3 c5 12.Bd3 cxd4 13.Bxe4 dxe4 14.cxd4 Qa5+ 15.Qd2 Nc6
16.Ne2 Qxd2+ 17.Kxd2 Na5 18.Rab1 Be6 19.Nc1 Rac8 20.f3 Bd5 21.Rb5 Nc4+ 22.Ke2 Bc6
23.Rc5 b6 24.Rxc6 exf3+ 25.gxf3 Rxc6 26.Nd3 Rd8 27.Rc1 Na5 28.Rxc6 Nxc6 29.Nb2 f5
30.f4 Kf7 31.Nc4 b5 32.Nd2 Ke6 33.Nf3 g4 34.Nd2 b4 35.axb4 Nxb4 36.Nb3 Kd5
37.Nc5 Rc8 38.Be1 Nc6 39.Kd3 Rc7 40.Bc3 a5 41.Bd2 h5 42.Be1 Nb4+ 43.Kc3 Na6  0-1

[Event "ch-Catalunya 2012"]
[Site "Barcelona ESP"]
[Date "2012.05.13"]
[Round "1.2"]
[White "Monell Camarasa,D"]
[Black "Fluvia Poyatos,Joa"]
[Result "0-1"]
[WhiteElo "2260"]
[BlackElo "2490"]

1.d4 Nf6 2.c4 e6 3.Nc3 Bb4 4.Qc2 O-O 5.e4 c5 6.e5 cxd4 7.a3 dxc3 8.axb4 Ng4
9.Nf3 Nc6 10.Ng5 g6 11.Ne4 Ncxe5 12.h3 f5 13.Nd6 Nf6 14.Bh6 Nf7 15.Bxf8 Qxf8
16.Nxf7 cxb2 17.Qxb2 Kxf7 18.Be2 d5 19.O-O b6 20.Rfc1 Bb7 21.c5 bxc5 22.bxc5 Bc6
23.Ra6 Qe8 24.Rca1 Qd7 25.f3 Qc7 26.Qc3 Nd7 27.Kh1 Nb8 28.R6a5 e5 29.f4 e4
30.Bb5 Qd7 31.Rb1 d4 32.Qc4+ Qe6 33.Qxd4 Bd5 34.Qh8 e3 35.Qxh7+ Kf6 36.Qh8+ Kf7
37.Qe5 Qxe5 38.fxe5 Ke6 39.c6 Bxc6 40.Bxc6 Nxc6 41.Ra6 Rc8 42.Rc1 Kd5 43.e6 e2
44.Kg1 Nb4 45.Raa1 Re8 46.Re1 Rxe6 47.Rxa7 Nd3 48.Rd7+ Kc4 49.Rxd3 Kxd3  0-1

[Event "4th GM POL-UKR Match"]
[Site "Lublin POL"]
[Date "2012.05.25"]
[Round "2"]
[White "Macieja,B"]
[Black "Efimenko,Z"]
[Result "0-1"]
[WhiteElo "2614"]
[BlackElo "2689"]

1.d4 Nf6 2.c4 e6 3.Nc3 Bb4 4.Qc2 O-O 5.a3 Bxc3+ 6.Qxc3 d6 7.Bg5 Nbd7 8.e3 b6
9.Qc2 c5 10.Ne2 Ba6 11.Qa4 Qc8 12.Rd1 d5 13.cxd5 exd5 14.Nc3 Bxf1 15.Kxf1 c4
16.f3 a6 17.e4 b5 18.Qc2 dxe4 19.fxe4 h6 20.Bf4 Qb7 21.Bd6 Rfc8 22.Kf2 Ng4+
23.Kf3 f5 24.Rhe1 Ndf6 25.h3 Nxe4 26.Nxe4 Nf6 27.d5 Nxe4 28.Rxe4 fxe4+ 29.Qxe4 c3
30.bxc3 Rxc3+ 31.Ke2 Qf7 32.Be7 Rc4 33.Qe3 Qg6 34.Rd4 Qxg2+ 35.Ke1 Rc1+ 36.Qxc1 Qg1+  0-1

[Event "50th ch-IND Challengers 2012"]
[Site "Tirupati IND"]
[Date "2012.05.26"]
[Round "11.2"]
[White "Debashis,D"]
[Black "Satyapragyan,S"]
[Result "1/2-1/2"]
[WhiteElo "2425"]
[BlackElo "2451"]

1.d4 Nf6 2.c4 e6 3.Nc3 Bb4 4.Qc2 O-O 5.a3 Bxc3+ 6.Qxc3 d6 7.Bg5 Nbd7 8.e3 b6
9.Ne2 c5 10.Qb3 Bb7 11.Rd1 h6 12.Bh4 cxd4 13.Nxd4 d5 14.Be2 Rc8 15.O-O dxc4
16.Bxc4 Qc7 17.Be2 Bd5 18.Qb4 a5 19.Qe1 Qb7 20.f3 Bc4 21.Nb5 Bxe2 22.Qxe2 Rc6
23.Rd2 Nd5 24.e4 Nf4 25.Qe3 Ng6 26.Bg3 a4 27.Qd4 Nc5 28.Qb4 e5 29.Rfd1 Qa6
30.Nc3 Rfc8 31.Rd5 Kh7 32.Qb5 Qxb5 33.Nxb5 Re6 34.Nc3 f6 35.Rd6 Rc6 36.Rxe6 Nxe6
37.Rd2 Nd4 38.Bf2 Rc4 39.Bxd4 exd4 40.Ne2 d3  1/2-1/2

[Event "Orlova Open 2012"]
[Site "Orlova CZE"]
[Date "2012.05.27"]
[Round "7.2"]
[White "Kociscak,J"]
[Black "Andreev,Ed UKR"]
[Result "1/2-1/2"]
[WhiteElo "2391"]
[BlackElo "2499"]

1.d4 Nf6 2.c4 e6 3.Nc3 Bb4 4.Qc2 O-O 5.a3 Bxc3+ 6.Qxc3 b6 7.Bg5 h6 8.Bh4 Bb7
9.f3 Nc6 10.e3 d5 11.cxd5 Nxd5  1/2-1/2

[Event "Albena Masters Open 2012"]
[Site "Albena BUL"]
[Date "2012.05.28"]
[Round "3.24"]
[White "Enchev,I"]
[Black "Ivanov,Bog"]
[Result "1-0"]
[WhiteElo "2419"]
[BlackElo "2222"]

1.d4 Nf6 2.c4 e6 3.Nc3 Bb4 4.Qc2 O-O 5.a3 Bxc3+ 6.Qxc3 b6 7.Bg5 h6 8.Bh4 Bb7
9.e3 d6 10.Ne2 Nbd7 11.Qd3 Re8 12.Nc3 a6 13.e4 Nf8 14.Be2 Ng6 15.Bg3 d5 16.cxd5 exd5
17.e5 Ne4 18.O-O c5 19.f4 cxd4 20.Qxd4 Rc8 21.Rad1 Nxc3 22.bxc3 Qc7 23.Bg4 Rcd8
24.e6 Nf8 25.f5 Qc5 26.exf7+ Kxf7 27.Bh5+ Kg8 28.Bxe8 Rxe8 29.f6 gxf6 30.Rxf6 Ne6
31.Qxc5 Nxc5 32.Rxb6 Ba8 33.Rb8 Rxb8 34.Bxb8 Kf7 35.Ba7 Ne4 36.Bd4 Bc6 37.Rf1+ Kg6
38.Rf8 Bb5 39.g4 Kg5 40.h3 Bc4 41.Kg2 Nd6 42.Be5 Ne4 43.Rg8+ Kh4 44.Rg6  1-0

[Event "4th Limpedea Cup"]
[Site "Baia Sprie ROU"]
[Date "2012.05.28"]
[Round "9.5"]
[White "Fodor,T jr"]
[Black "Berescu,A"]
[Result "1/2-1/2"]
[WhiteElo "2502"]
[BlackElo "2516"]

1.d4 e6 2.c4 Nf6 3.Nc3 Bb4 4.Qc2 O-O 5.e4 d6 6.e5 dxe5 7.dxe5 Ng4 8.Nf3 Nc6
9.Bf4 Bc5 10.Bg3 f5 11.h3 Nh6 12.Rd1 Qe8 13.Bf4 Nf7 14.a3 a5 15.Be2 Bd7 16.Nb5 Qc8
17.h4 Ne7 18.h5 a4 19.Nc3 Bc6 20.O-O Rd8 21.Rxd8+ Qxd8 22.Rd1 Qc8 23.Rd2 h6
24.Qd1 Be8 25.Kf1 Bc6 26.Nb5 Be8 27.Nfd4 Bxd4 28.Nxd4 Nc6 29.Nxc6 Bxc6 30.Bg3 Ng5
31.Bh4 Qf8 32.Bxg5 hxg5 33.Bf3 Bxf3 34.Qxf3 Rd8 35.Qd1  1/2-1/2